000 00471cam a2200145 4500500
005 20251012013202.0
041 _afre
042 _adc
100 1 0 _aMarion-Audibert
_eauthor
245 0 0 _aFront matter
260 _c2025.
500 _a15
786 0 _nHépato-Gastro & Oncologie Digestive | 32 | 3 | 2025-03-28 | p. 245-250 | 2115-3310
856 4 1 _uhttps://shs.cairn.info/journal-hepato-gastro-oncologie-digestive-2025-3-page-245?lang=en&redirect-ssocas=7080
999 _c1528648
_d1528648